000 00435nam a2200181Ia 4500
005 20240823005544.0
008 240823s9999||||xx |||||||||||||| ||und||
082 _A332.6327 N3
100 _a"Fredman,Albert J"
245 0 _aHow Mutual funds work
250 _a1st
260 _c1993
_b"PHI,New Delhi"
500 _aYES
650 _aManagement
_bManagement Studies
700 _a" Wiles,Russ"
942 _cBK
999 _c156055
_d156055